An introduction to celestial mechanics /

Bibliographic Details
Main Author: Moulton, Forest Ray, 1872-1952
Format: Book
Language:English
Published: New York : The Macmillan Company; [etc., etc.], 1914.
Edition:2d rev.ed.
Subjects:

MARC

Tag First Indicator Second Indicator Subfields
LEADER 00000cam a2200000 4500
001 in00000046050
005 20151007065307.0
008 750612s1914 nyua b 00010 eng
010 |a  14007323  
035 |a (OCoLC)01387944 
035 |9 AAE1701AM 
040 |a DLC  |c GAT  |d SER  |d TXA  |d UtOrBLW 
049 |a TXAM  |c [273694] 
050 0 0 |a QB351  |b .M92 1914 
100 1 |a Moulton, Forest Ray,  |d 1872-1952. 
245 1 3 |a An introduction to celestial mechanics /  |c by Forest Ray Moulton ... 
250 |a 2d rev.ed. 
264 1 |a New York :  |b The Macmillan Company; [etc., etc.],  |c 1914. 
300 |a xvi, 437 pages :  |b diagrams ;  |c 23 cm. 
336 |a text  |b txt  |2 rdacontent 
337 |a unmediated  |b n  |2 rdamedia 
338 |a volume  |b nc  |2 rdacarrier 
504 |a Bibliography at end of each chapter. 
650 0 |a Celestial mechanics. 
999 |a MARS 
999 f f |s 86b0ce68-c613-3fa2-a5ff-842265147de1  |i f47d0a3c-432d-3126-8e67-51fdcea50f54  |t 0 
952 f f |p ric  |a Texas A&M University  |b Rellis Campus  |c Joint Library Facility  |d Remote Storage  |t 0  |e QB351 .M92 1914  |h Library of Congress classification  |i unmediated -- volume  |m A14800898913 
998 f f |a QB351 .M92 1914  |t 0  |l Remote Storage